Z pravidelnej správy EK o pokroku v pripravenosti SR na vstup do EÚ
Hodnotenie ekonomiky Slovenskej republiky na základe kritérií stanovených v Kodani v júni 1993. Hodnotenie jednotlivých ukazovateľov za rok 2000: HDP, nezamestnanosť, inflácia, obchod a bežný účet, rozpočet, menová politika, kontrolované ceny, privatizácia, konkurzné konanie, bankový sektor, kapitál...
Gespeichert in:
| Weitere Verfasser: | |
|---|---|
| Format: | Buchkapitel |
| Sprache: | Slowakisch |
| Schlagworte: | |
| Tags: |
Keine Tags, Fügen Sie das erste Tag hinzu!
|
MARC
| LEADER | 00000naa a2200000 4500 | ||
|---|---|---|---|
| 001 | r040073 | ||
| 005 | 20230824105948.1 | ||
| 041 | 0 | |a slo | |
| 044 | |a SK | ||
| 245 | 1 | 0 | |a Z pravidelnej správy EK o pokroku v pripravenosti SR na vstup do EÚ |c neoficiálny preklad Daniela Zaťková |
| 520 | |a Hodnotenie ekonomiky Slovenskej republiky na základe kritérií stanovených v Kodani v júni 1993. Hodnotenie jednotlivých ukazovateľov za rok 2000: HDP, nezamestnanosť, inflácia, obchod a bežný účet, rozpočet, menová politika, kontrolované ceny, privatizácia, konkurzné konanie, bankový sektor, kapitálové trhy, priame zahraničné investície, pracovná sila a hospodárska politika vlády. | ||
| 610 | 2 | 0 | |a pokrok hospodársky |
| 610 | 2 | 0 | |a integrácia ekonomická medzinárodná |
| 610 | 2 | 0 | |a Slovensko |
| 610 | 2 | 0 | |a Európska únia |
| 610 | 2 | 0 | |a produkt domáci hrubý |
| 610 | 2 | 0 | |a trh práce |
| 610 | 2 | 0 | |a inflácia |
| 610 | 2 | 0 | |a obchod |
| 610 | 2 | 0 | |a rozpočet štátny |
| 610 | 2 | 0 | |a politika hospodárska |
| 610 | 2 | 0 | |a politika menová |
| 610 | 2 | 0 | |a ceny |
| 610 | 2 | 0 | |a bankovníctvo |
| 610 | 2 | 0 | |a trh kapitálový |
| 610 | 2 | 0 | |a investície priame zahraničné |
| 610 | 2 | 0 | |a podnik |
| 610 | 2 | 0 | |a 2000 |
| 610 | 2 | 0 | |a ukazovatele ekonomické |
| 700 | 1 | |a Zaťková, Daniela | |